<?xml version="1.0" encoding="utf-8"?>
<?xml-stylesheet type='text/xsl' href='./oai2.xsl'?>
<OAI-PMH xmlns="http://www.openarchives.org/OAI/2.0/" xmlns:xsi="http://www.w3.org/2001/XMLSchema-instance" xsi:schemaLocation="http://www.openarchives.org/OAI/2.0/ http://www.openarchives.org/OAI/2.0/OAI-PMH.xsd">
  <responseDate>2026-05-12T13:04:18Z</responseDate>
  <request verb="GetRecord" metadataPrefix="marcxml" identifier="record_kuniweb_21985">https://kulturerbe.niedersachsen.de/oai</request>
  <GetRecord>
    <record>
      <header>
        <identifier>record_kuniweb_21985</identifier>
        <datestamp>2015-06-19T12:07:43Z</datestamp>
        <setSpec>slg0103</setSpec>
      </header>
      <metadata>
        <marc:record xmlns:marc="http://www.loc.gov/MARC21/slim" xsi:schemaLocation="http://www.loc.gov/MARC21/slim http://www.loc.gov/standards/marcxml/schema/MARC21slim.xsd">
          <marc:leader>12345nem  22     uu 4500</marc:leader>
          <marc:controlfield tag="001">21985</marc:controlfield>
          <marc:controlfield tag="003">http://kuniweb.gbv.de</marc:controlfield>
          <marc:controlfield tag="005">2015-04-14T18:21:00</marc:controlfield>
          <marc:controlfield tag="008">|           ||||||||||||||||||||||</marc:controlfield>
          <marc:datafield tag="245" ind1="1" ind2="0">
            <marc:subfield code="a">Oldenburg Comitatus</marc:subfield>
          </marc:datafield>
          <marc:datafield tag="700" ind1="1" ind2=" ">
            <marc:subfield code="a">Hamersveldt,</marc:subfield>
            <marc:subfield code="e">Vorbild / Ideengeber</marc:subfield>
            <marc:subfield code="e">Kupferstecher</marc:subfield>
          </marc:datafield>
          <marc:datafield tag="655" ind1=" " ind2="7">
            <marc:subfield code="a">Karten</marc:subfield>
          </marc:datafield>
          <marc:datafield tag="046" ind1=" " ind2=" ">
            <marc:subfield code="k">1683</marc:subfield>
            <marc:subfield code="k">zwischen Fertigstellung des Stichs 1683 und Veröffentlichung 1721</marc:subfield>
            <marc:subfield code="l">1721</marc:subfield>
          </marc:datafield>
          <marc:datafield tag="260" ind1=" " ind2=" ">
            <marc:subfield code="g">1683</marc:subfield>
            <marc:subfield code="g">1721</marc:subfield>
            <marc:subfield code="g">zwischen Fertigstellung des Stichs 1683 und Veröffentlichung 1721</marc:subfield>
          </marc:datafield>
          <marc:datafield tag="300" ind1=" " ind2=" ">
            <marc:subfield code="a">Höhe: 37 cm
Breite: 48 cm</marc:subfield>
          </marc:datafield>
          <marc:datafield tag="520" ind1=" " ind2=" ">
            <marc:subfield code="a">Maßstäbe (in cm): 2 gewöhnliche deutsche Meilen =7,8 – 2 gewöhnliche französische Meilen = 5,6
Ausrichtung: Westen
Rückseite: leer

Anmerkungen: 
Nach einer Wanderung durch mehrere Verlage trug die vorliegende Karte in der Titelkartusche die Adresse der Verleger Petrus Schenk und Gerard Valck (cum privilegio), Amsterdam. Die Tilgung läßt auf eine Veröffentlichung durch den Verlag Covens &amp; Mortier, Amsterdam nach 1721, schließen. (Siehe Karte Oldenburg 02 a) - Stich ursprünglich von Evert Sijmonszoon van Hamersfeldt (1591/92 bis 1653) etwa 1627/29.

Veröffentlicht in:
vermutlich durch Covens &amp; Mortier, Amsterdam nach 1721

Literatur in Zusammenhang:
L. Albers und Klinkow, M., „Oldenburg und die ganze Welt : alte Karten und prächtige Atlanten ; [Ausstellung vom 22.4. bis 7.6.2008 in der Landesbibliothek Oldenburg]. Schriften der Landesbibliothek Oldenburg ; 46“. Komregis-Verl., Zetel, 2008. (S. 58 ff.)</marc:subfield>
          </marc:datafield>
          <marc:datafield tag="650" ind1="1" ind2=" ">
            <marc:subfield code="a">Landkarte</marc:subfield>
          </marc:datafield>
          <marc:datafield tag="773" ind1="0" ind2=" ">
            <marc:subfield code="t">Sammlung Körber-Einbeck</marc:subfield>
          </marc:datafield>
          <marc:datafield tag="852" ind1=" " ind2=" ">
            <marc:subfield code="a">Institut für Historische Landesforschung der Universität Göttingen</marc:subfield>
          </marc:datafield>
          <marc:datafield tag="" ind1=" " ind2=" ">
            <marc:subfield code="a">Namensnennung-Nicht kommerziell 4.0 International (CC BY-NC 4.0))</marc:subfield>
          </marc:datafield>
        </marc:record>
      </metadata>
    </record>
  </GetRecord>
</OAI-PMH>
